000
00437nam a2200145Ia 4500
008
090124s9999 xx 000 0 und d
082
_b
402526
245
_a
कविता इसापनीतीची
250
_a
1
260
_b
दोडे अरविंद
_c
1990
300
_a
56
630
_a
कविता इसापनीतीची
730
_a
कविता इसापनीतीची
942
_c
BOOK
999
_c
198986
_d
198986